El déficit en cuenta corriente, la crisis de divisas y el programa de ajuste económico /

Spremljeno u:
Bibliografski detalji
Glavni autor: Bouchain Galicia, Rafael C
Format: Tekst
Teme:
Oznake: Dodaj oznaku
Bez oznaka, Budi prvi tko označuje ovaj zapis!

MARC

LEADER 00000 a a2200000 04500
001 42301
003
040
100 |a Bouchain Galicia, Rafael C  
245 |a El déficit en cuenta corriente, la crisis de divisas y el programa de ajuste económico /  |c Rafael C. Bouchain Galicia  
650 |a TIPO DE CAMBIO  
650 |a COMERCIO  
650 |a DEFICIT  
650 |a COMERCIO EXTERIOR  
650 |a BALANZA DE PAGOS  
650 |a DEVALUACION ECONOMICA  
650 |a MEXICO  
650 |a PRODUCTO INTERNO BRUTO  
650 |a DEUDA EXTERNO  
650 |a CUADROS ESTADISTICOS  
773 |g volumen26, número102 ( , 1995), páginas 109-145  
999 |c 36227  |d 36227